[Event "MP do lat 18 - dziewczeta"]
[Site "Sypniewo"]
[Date "2022.03.22"]
[Round "4.10"]
[White "Zarebska, Lena"]
[Black "Lukasik, Zuzanna"]
[Result "1-0"]
[BlackElo "1786"]
[WhiteElo "1809"]
[LiveChessVersion "1.4.8"]

1. e4 {[%clk 1:30:45]} c5 {[%clk 1:30:20]} 2. Nf3 {[%clk 1:31:07]} Nc6
{[%clk 1:30:41]} 3. d4 {[%clk 1:31:32]} cxd4 {[%clk 1:31:04]} 4. Nxd4
{[%clk 1:31:59]} Nf6 {[%clk 1:31:05]} 5. Nc3 {[%clk 1:32:22]} d6 {[%clk 1:31:23]}
6. Bc4 {[%clk 1:32:14]} Qb6 {[%clk 1:31:04]} 7. Nxc6 {[%clk 1:32:23]} bxc6
{[%clk 1:30:08]} 8. O-O {[%clk 1:32:34]} e6 {[%clk 1:25:31]} 9. Qe2
{[%clk 1:32:36]} Nd7 {[%clk 1:20:05]} 10. b3 {[%clk 1:26:14]} Be7
{[%clk 1:15:30]} 11. Na4 {[%clk 1:20:28]} Qc7 {[%clk 1:10:09]} 12. Bb2
{[%clk 1:15:53]} O-O {[%clk 1:01:06]} 13. f4 {[%clk 1:11:01]} d5 {[%clk 0:52:08]}
14. Bd3 {[%clk 1:08:37]} Nc5 {[%clk 0:45:25]} 15. Nxc5 {[%clk 1:06:24]} Bxc5+
{[%clk 0:45:45]} 16. Kh1 {[%clk 1:06:51]} f6 {[%clk 0:36:37]} 17. Rac1
{[%clk 0:39:25]} Qe7 {[%clk 0:25:19]} 18. Rce1 {[%clk 0:38:00]} Bd7
{[%clk 0:17:06]} 19. Qf3 {[%clk 0:36:43]} Qf7 {[%clk 0:16:12]} 20. Ba6
{[%clk 0:32:52]} Bc8 {[%clk 0:15:36]} 21. Be2 {[%clk 0:32:53]} a5
{[%clk 0:13:58]} 22. Rd1 {[%clk 0:28:50]} Bb7 {[%clk 0:12:44]} 23. a4
{[%clk 0:26:52]} Rfd8 {[%clk 0:11:10]} 24. Bd3 {[%clk 0:26:23]} Ba6
{[%clk 0:09:49]} 25. Bxa6 {[%clk 0:22:58]} Rxa6 {[%clk 0:10:13]} 26. Qe2
{[%clk 0:17:22]} Raa8 {[%clk 0:09:57]} 27. Bc3 {[%clk 0:16:20]} Bb6
{[%clk 0:08:09]} 28. Rde1 {[%clk 0:11:42]} Re8 {[%clk 0:08:02]} 29. Qd3
{[%clk 0:12:01]} Rad8 {[%clk 0:06:52]} 30. Re2 {[%clk 0:11:16]} f5
{[%clk 0:05:55]} 31. exd5 {[%clk 0:11:08]} exd5 {[%clk 0:05:49]} 32. Be5
{[%clk 0:06:55]} Re6 {[%clk 0:03:25]} 33. Rfe1 {[%clk 0:03:15]} Rde8
{[%clk 0:02:50]} 34. h3 {[%clk 0:03:01]} h6 {[%clk 0:03:05]} 35. Kh2
{[%clk 0:03:11]} Bc7 {[%clk 0:01:42]} 36. Qd4 {[%clk 0:01:22]} g5
{[%clk 0:00:58]} 37. Re3 {[%clk 0:00:52]} Bxe5 {[%clk 0:00:59]} 38. Rxe5
{[%clk 0:01:02]} Rxe5 {[%clk 0:01:10]} 39. Rxe5 {[%clk 0:01:19]} Re6
{[%clk 0:00:40]} 40. Qb6 {[%clk 0:30:45]} Rxe5 {[%clk 0:30:38]} 41. fxe5
{[%clk 0:31:11]} Qe6 {[%clk 0:21:26]} 42. Qb8+ {[%clk 0:17:59]} Kf7
{[%clk 0:20:16]} 43. b4 {[%clk 0:16:19]} axb4 {[%clk 0:20:17]} 44. a5
{[%clk 0:16:41]} c5 {[%clk 0:09:35]} 45. Qd6 {[%clk 0:14:13]} c4 {[%clk 0:06:35]}
46. a6 {[%clk 0:13:23]} b3 {[%clk 0:06:24]} 47. cxb3 {[%clk 0:13:13]} cxb3
{[%clk 0:04:12]} 48. Qc7+ {[%clk 0:10:33]} Kg6 {[%clk 0:02:26]} 49. a7
{[%clk 0:09:09]} b2 {[%clk 0:02:22]} 50. Qb8 {[%clk 0:08:16]} b1=Q
{[%clk 0:01:49]} 51. Qxb1 {[%clk 0:08:40]} Qxe5+ {[%clk 0:01:53]} 52. Kh1
{[%clk 0:09:03]} Qe8 {[%clk 0:01:29]} 53. Qa1 {[%clk 0:09:21]} Qa8
{[%clk 0:01:31]} 54. Qa6+ {[%clk 0:09:32]} Kh5 {[%clk 0:00:54]} 55. Qe2+
{[%clk 0:06:33]} Kh4 {[%clk 0:00:41]} 56. Kh2 {[%clk 0:03:56]} g4
{[%clk 0:00:40]} 57. Qe5 {[%clk 0:02:25]} Qf8 {[%clk 0:00:32]} 58. Qb8
{[%clk 0:02:03]} Qa3 {[%clk 0:00:42]} 59. g3+ {[%clk 0:01:39]} Kh5
{[%clk 0:00:50]} 60. a8=Q {[%clk 0:01:52]} 1-0

[Event "MP do lat 18 - dziewczeta"]
[Site "Sypniewo"]
[Date "2022.03.22"]
[Round "4.11"]
[White "Wawrzyniak, Weronika"]
[Black "Lochina, Justyna"]
[Result "1-0"]
[BlackElo "1646"]
[WhiteElo "1493"]
[LiveChessVersion "1.4.8"]

1. e4 {[%clk 1:30:45]} c5 {[%clk 1:30:48]} 2. Nf3 {[%clk 1:31:00]} e6
{[%clk 1:30:40]} 3. d4 {[%clk 1:31:18]} cxd4 {[%clk 1:30:51]} 4. Nxd4
{[%clk 1:31:45]} Nf6 {[%clk 1:30:28]} 5. Nc3 {[%clk 1:32:07]} d6 {[%clk 1:30:25]}
6. g4 {[%clk 1:30:51]} e5 {[%clk 1:22:09]} 7. Nf5 {[%clk 1:29:07]} h5
{[%clk 1:06:45]} 8. Bg5 {[%clk 1:06:38]} hxg4 {[%clk 0:47:39]} 9. Nd5
{[%clk 0:48:34]} Nbd7 {[%clk 0:25:59]} 10. Bxf6 {[%clk 0:38:37]} Nxf6
{[%clk 0:20:43]} 11. Bb5+ {[%clk 0:36:49]} Bd7 {[%clk 0:16:56]} 12. Nxf6+
{[%clk 0:27:26]} gxf6 {[%clk 0:15:21]} 13. Bxd7+ {[%clk 0:26:48]} Qxd7
{[%clk 0:15:40]} 14. Qxg4 {[%clk 0:25:54]} O-O-O {[%clk 0:14:16]} 15. O-O-O
{[%clk 0:24:18]} Kb8 {[%clk 0:09:08]} 16. Kb1 {[%clk 0:20:08]} Rc8
{[%clk 0:08:36]} 17. h4 {[%clk 0:19:33]} Rc5 {[%clk 0:05:35]} 18. Qf3
{[%clk 0:18:54]} d5 {[%clk 0:04:08]} 19. Rxd5 {[%clk 0:18:24]} Rxd5
{[%clk 0:04:14]} 20. exd5 {[%clk 0:18:52]} Bd6 {[%clk 0:01:51]} 21. h5
{[%clk 0:18:48]} e4 {[%clk 0:01:03]} 22. Qxe4 {[%clk 0:18:01]} Be5
{[%clk 0:00:56]} 23. Qd3 {[%clk 0:14:38]} Qc7 {[%clk 0:00:37]} 24. c3
{[%clk 0:12:56]} Bd6 {[%clk 0:00:36]} 25. Nxd6 {[%clk 0:12:49]} Qxd6
{[%clk 0:00:59]} 26. h6 {[%clk 0:11:34]} f5 {[%clk 0:00:58]} 27. h7
{[%clk 0:10:40]} Qg6 {[%clk 0:01:03]} 28. d6 {[%clk 0:09:05]} f4 {[%clk 0:00:46]}
29. Qxg6 {[%clk 0:08:39]} fxg6 {[%clk 0:01:00]} 30. Kc2 {[%clk 0:07:53]} Kc8
{[%clk 0:00:56]} 31. Kd3 {[%clk 0:07:48]} Kd7 {[%clk 0:01:05]} 32. Rh6
{[%clk 0:07:45]} Kxd6 {[%clk 0:00:53]} 33. Rxg6+ {[%clk 0:08:07]} Ke5
{[%clk 0:00:45]} 34. Rg7 {[%clk 0:07:58]} Rd8+ {[%clk 0:00:34]} 35. Ke2
{[%clk 0:08:20]} Rh8 {[%clk 0:00:33]} 36. Rxb7 {[%clk 0:08:42]} Ke4
{[%clk 0:00:39]} 37. Re7+ {[%clk 0:08:58]} 1-0

[Event "MP do lat 18 - dziewczeta"]
[Site "Sypniewo"]
[Date "2022.03.22"]
[Round "4.12"]
[White "Kieca, Aleksandra"]
[Black "Matyjasek, Michalina"]
[Result "1/2-1/2"]
[BlackElo "1435"]
[WhiteElo "1696"]
[LiveChessVersion "1.4.8"]

1. e4 {[%clk 1:30:57]} c5 {[%clk 1:30:56]} 2. Nf3 {[%clk 1:31:22]} Nc6
{[%clk 1:31:22]} 3. Bb5 {[%clk 1:31:46]} g6 {[%clk 1:31:46]} 4. Bxc6
{[%clk 1:32:03]} bxc6 {[%clk 1:32:11]} 5. O-O {[%clk 1:32:07]} Bg7
{[%clk 1:32:24]} 6. Re1 {[%clk 1:32:29]} Nh6 {[%clk 1:27:59]} 7. c3
{[%clk 1:27:58]} O-O {[%clk 1:21:45]} 8. d4 {[%clk 1:26:33]} cxd4
{[%clk 1:21:11]} 9. cxd4 {[%clk 1:26:56]} f6 {[%clk 1:13:07]} 10. Nc3
{[%clk 1:26:42]} Nf7 {[%clk 1:12:14]} 11. Be3 {[%clk 1:16:07]} d6
{[%clk 1:07:05]} 12. h3 {[%clk 1:14:04]} Bd7 {[%clk 1:04:36]} 13. Qd2
{[%clk 1:09:50]} Qa5 {[%clk 0:59:33]} 14. Rac1 {[%clk 1:07:33]} Rac8
{[%clk 0:56:55]} 15. Red1 {[%clk 1:01:30]} Qh5 {[%clk 0:49:35]} 16. Nh2
{[%clk 0:57:10]} g5 {[%clk 0:38:02]} 17. Ne2 {[%clk 0:51:03]} Qg6
{[%clk 0:35:11]} 18. Ng3 {[%clk 0:44:18]} h5 {[%clk 0:30:18]} 19. Qc2
{[%clk 0:43:30]} e6 {[%clk 0:23:27]} 20. Ne2 {[%clk 0:40:19]} Kh7
{[%clk 0:16:38]} 21. f4 {[%clk 0:37:36]} h4 {[%clk 0:12:15]} 22. Rf1
{[%clk 0:26:15]} f5 {[%clk 0:09:03]} 23. exf5 {[%clk 0:23:21]} exf5
{[%clk 0:08:13]} 24. Nf3 {[%clk 0:23:05]} Rce8 {[%clk 0:04:26]} 25. Bf2
{[%clk 0:22:56]} Bf6 {[%clk 0:04:11]} 26. fxg5 {[%clk 0:14:14]} Nxg5
{[%clk 0:01:46]} 27. Nxg5+ {[%clk 0:09:06]} Qxg5 {[%clk 0:01:43]} 28. Kh1
{[%clk 0:08:35]} Rg8 {[%clk 0:01:42]} 29. Rg1 {[%clk 0:08:43]} Kh8
{[%clk 0:01:15]} 30. Qd3 {[%clk 0:07:57]} f4 {[%clk 0:01:01]} 31. Qf3
{[%clk 0:07:53]} Re7 {[%clk 0:00:41]} 32. Nxf4 {[%clk 0:07:13]} Rf7
{[%clk 0:00:40]} 33. Be3 {[%clk 0:05:58]} Qf5 {[%clk 0:00:48]} 34. Rcf1
{[%clk 0:03:53]} Rg3 {[%clk 0:00:48]} 35. Qe2 {[%clk 0:02:53]} Qg5
{[%clk 0:00:50]} 36. Rf3 {[%clk 0:01:44]} Re7 {[%clk 0:01:00]} 37. Rxg3
{[%clk 0:01:28]} Qxg3 {[%clk 0:00:59]} 38. Qh5+ {[%clk 0:01:37]} Rh7
{[%clk 0:01:15]} 39. Qg6 {[%clk 0:01:21]} Qxg6 {[%clk 0:01:21]} 40. Nxg6+
{[%clk 0:31:48]} Kg7 {[%clk 0:31:08]} 41. Nf4 {[%clk 0:31:51]} Rh8
{[%clk 0:26:42]} 42. Bf2 {[%clk 0:26:39]} Kf7 {[%clk 0:23:32]} 43. Rf1
{[%clk 0:26:06]} Kg7 {[%clk 0:19:33]} 44. Kg1 {[%clk 0:23:54]} Bg5
{[%clk 0:16:20]} 45. Be3 {[%clk 0:21:31]} Kh6 {[%clk 0:15:13]} 46. Re1
{[%clk 0:14:04]} Re8 {[%clk 0:14:12]} 47. Kf2 {[%clk 0:13:59]} Rf8
{[%clk 0:10:33]} 48. Kf3 {[%clk 0:14:01]} d5 {[%clk 0:08:21]} 49. g3
{[%clk 0:10:05]} Kh7 {[%clk 0:03:26]} 50. gxh4 {[%clk 0:08:55]} Bxh4
{[%clk 0:03:54]} 51. Rg1 {[%clk 0:08:48]} Bf5 {[%clk 0:02:38]} 52. Ke2
{[%clk 0:08:17]} Bf6 {[%clk 0:02:17]} 53. Rc1 {[%clk 0:08:12]} Bd7
{[%clk 0:02:09]} 54. Rf1 {[%clk 0:06:52]} Re8 {[%clk 0:02:25]} 55. Kd2
{[%clk 0:06:44]} Kg8 {[%clk 0:01:20]} 56. Nd3 {[%clk 0:04:45]} Kg7
{[%clk 0:00:54]} 57. Ne5 {[%clk 0:02:49]} Bxh3 {[%clk 0:00:41]} 58. Rg1+
{[%clk 0:03:13]} Kf8 {[%clk 0:01:01]} 59. Rg3 {[%clk 0:02:04]} Bc8
{[%clk 0:00:55]} 60. Nxc6 {[%clk 0:02:04]} Bb7 {[%clk 0:00:57]} 61. Rf3
{[%clk 0:02:24]} Kg7 {[%clk 0:01:03]} 62. Na5 {[%clk 0:02:08]} Bc8
{[%clk 0:01:01]} 63. Rg3+ {[%clk 0:01:58]} Kf7 {[%clk 0:01:24]} 64. Rg1
{[%clk 0:01:55]} Rh8 {[%clk 0:01:08]} 65. Rg2 {[%clk 0:01:51]} Rh4
{[%clk 0:01:09]} 66. Nb3 {[%clk 0:01:20]} Rg4 {[%clk 0:01:07]} 67. Rf2
{[%clk 0:01:28]} Ke7 {[%clk 0:01:18]} 68. Rf3 {[%clk 0:00:50]} Rg2+
{[%clk 0:01:05]} 69. Kc3 {[%clk 0:01:06]} Bg4 {[%clk 0:01:05]} 70. Rf2
{[%clk 0:00:44]} Rxf2 {[%clk 0:00:58]} 71. Bxf2 {[%clk 0:01:12]} Kd7
{[%clk 0:00:54]} 72. Kb4 {[%clk 0:01:22]} Kc6 {[%clk 0:00:59]} 73. Nc5
{[%clk 0:01:06]} Bd8 {[%clk 0:00:53]} 74. a3 {[%clk 0:00:37]} a5+
{[%clk 0:00:43]} 75. Kc3 {[%clk 0:00:34]} Kb5 {[%clk 0:00:44]} 76. b3
{[%clk 0:00:47]} Be7 {[%clk 0:00:34]} 77. a4+ {[%clk 0:00:34]} Kb6
{[%clk 0:00:48]} 78. Nd3 {[%clk 0:00:58]} Be2 {[%clk 0:01:00]} 79. Nf4
{[%clk 0:00:54]} Bb4+ {[%clk 0:01:02]} 80. Kc2 {[%clk 0:01:19]} Bf3
{[%clk 0:01:18]} 1/2-1/2

[Event "MP do lat 18 - dziewczeta"]
[Site "Sypniewo"]
[Date "2022.03.22"]
[Round "4.13"]
[White "Krzyzosiak, Anna"]
[Black "Zniszczol, Wiktoria"]
[Result "1/2-1/2"]
[BlackElo "1613"]
[WhiteElo "1489"]
[LiveChessVersion "1.4.8"]

1. e4 {[%clk 1:30:58]} c5 {[%clk 1:30:54]} 2. Nf3 {[%clk 1:31:20]} e6
{[%clk 1:31:12]} 3. d4 {[%clk 1:29:57]} cxd4 {[%clk 1:30:48]} 4. Nxd4
{[%clk 1:30:17]} a6 {[%clk 1:31:13]} 5. c4 {[%clk 1:29:07]} d6 {[%clk 1:29:10]}
6. Be2 {[%clk 1:27:13]} Qc7 {[%clk 1:29:24]} 7. O-O {[%clk 1:25:11]} Nd7
{[%clk 1:28:20]} 8. Nc3 {[%clk 1:18:53]} b6 {[%clk 1:25:35]} 9. Be3
{[%clk 1:08:36]} Bb7 {[%clk 1:25:08]} 10. Qd2 {[%clk 1:04:26]} Ngf6
{[%clk 1:24:51]} 11. f3 {[%clk 1:02:57]} Be7 {[%clk 1:24:54]} 12. Rac1
{[%clk 0:56:58]} O-O {[%clk 1:25:04]} 13. b4 {[%clk 0:52:38]} Rac8
{[%clk 1:21:22]} 14. Na4 {[%clk 0:47:55]} Qb8 {[%clk 1:13:28]} 15. Nb3
{[%clk 0:44:49]} Ba8 {[%clk 1:11:13]} 16. c5 {[%clk 0:40:10]} b5 {[%clk 1:10:03]}
17. Nb2 {[%clk 0:30:03]} Rfd8 {[%clk 1:07:00]} 18. Bf4 {[%clk 0:25:50]} e5
{[%clk 1:03:57]} 19. cxd6 {[%clk 0:25:00]} Qxd6 {[%clk 1:04:06]} 20. Qxd6
{[%clk 0:22:59]} Bxd6 {[%clk 1:04:20]} 21. Bd2 {[%clk 0:22:17]} Nf8
{[%clk 1:01:28]} 22. Rxc8 {[%clk 0:16:24]} Rxc8 {[%clk 1:01:50]} 23. Rc1
{[%clk 0:16:42]} Rxc1+ {[%clk 0:59:41]} 24. Nxc1 {[%clk 0:17:05]} Ne6
{[%clk 1:00:04]} 25. a4 {[%clk 0:14:06]} Nd4 {[%clk 0:53:57]} 26. axb5
{[%clk 0:11:28]} axb5 {[%clk 0:51:40]} 27. Kf2 {[%clk 0:09:48]} Nd7
{[%clk 0:47:11]} 28. Bc3 {[%clk 0:05:43]} Bc6 {[%clk 0:45:28]} 29. Nbd3
{[%clk 0:04:52]} Ne6 {[%clk 0:36:18]} 30. Nb3 {[%clk 0:04:00]} f6
{[%clk 0:27:51]} 31. Na5 {[%clk 0:02:56]} Nb8 {[%clk 0:27:16]} 32. Ne1
{[%clk 0:02:21]} Be8 {[%clk 0:24:28]} 33. Nc2 {[%clk 0:02:38]} Na6
{[%clk 0:21:35]} 34. Na3 {[%clk 0:01:36]} Nxb4 {[%clk 0:21:47]} 35. Nxb5
{[%clk 0:01:42]} Bc5+ {[%clk 0:21:57]} 36. Kg3 {[%clk 0:00:57]} Kf8
{[%clk 0:18:48]} 37. Bc4 {[%clk 0:00:53]} Nf4 {[%clk 0:17:32]} 38. Nc7
{[%clk 0:00:40]} Bf7 {[%clk 0:13:51]} 39. Na6 {[%clk 0:00:36]} Nxa6
{[%clk 0:11:54]} 40. Bxa6 {[%clk 0:30:57]} Nh5+ {[%clk 0:42:10]} 41. Kh3
{[%clk 0:27:21]} Be6+ {[%clk 0:37:26]} 42. g4 {[%clk 0:25:18]} Nf4+
{[%clk 0:37:19]} 43. Kg3 {[%clk 0:25:32]} h5 {[%clk 0:32:56]} 44. gxh5
{[%clk 0:23:04]} Nxh5+ {[%clk 0:32:23]} 45. Kg2 {[%clk 0:23:05]} Nf4+
{[%clk 0:32:34]} 46. Kg3 {[%clk 0:22:41]} Nh3 {[%clk 0:25:31]} 47. Bc4
{[%clk 0:20:36]} Bc8 {[%clk 0:23:25]} 48. Nb7 {[%clk 0:18:34]} Bxb7
{[%clk 0:15:24]} 49. Kxh3 {[%clk 0:18:56]} 1/2-1/2

[Event "MP do lat 18 - dziewczeta"]
[Site "Sypniewo"]
[Date "2022.03.22"]
[Round "4.14"]
[White "Kaznowska, Weronika"]
[Black "Kulpa, Karolina"]
[Result "0-1"]
[BlackElo "1406"]
[WhiteElo "1604"]
[LiveChessVersion "1.4.8"]

1. d4 {[%clk 1:30:57]} Nf6 {[%clk 1:30:54]} 2. c4 {[%clk 1:31:22]} c5
{[%clk 1:31:17]} 3. d5 {[%clk 1:31:46]} b5 {[%clk 1:31:39]} 4. Qc2
{[%clk 1:32:06]} b4 {[%clk 1:31:45]} 5. e4 {[%clk 1:32:05]} d6 {[%clk 1:31:40]}
6. f4 {[%clk 1:32:03]} g6 {[%clk 1:30:21]} 7. h3 {[%clk 1:30:57]} Bg7
{[%clk 1:26:18]} 8. Nf3 {[%clk 1:29:53]} Nbd7 {[%clk 1:20:02]} 9. Bd3
{[%clk 1:28:21]} O-O {[%clk 1:19:25]} 10. O-O {[%clk 1:26:53]} a5
{[%clk 1:10:23]} 11. a3 {[%clk 1:23:35]} Bb7 {[%clk 1:03:24]} 12. Re1
{[%clk 1:19:17]} Qc7 {[%clk 0:53:48]} 13. e5 {[%clk 1:14:56]} dxe5
{[%clk 0:52:11]} 14. fxe5 {[%clk 1:15:20]} Ne8 {[%clk 0:51:35]} 15. e6
{[%clk 1:12:11]} Ne5 {[%clk 0:50:07]} 16. exf7+ {[%clk 1:11:31]} Rxf7
{[%clk 0:49:48]} 17. Nxe5 {[%clk 1:07:50]} Bxe5 {[%clk 0:50:08]} 18. Nd2
{[%clk 1:06:58]} Bd4+ {[%clk 0:40:21]} 19. Kh1 {[%clk 1:07:12]} Qg3
{[%clk 0:40:02]} 20. Rf1 {[%clk 1:01:18]} Be5 {[%clk 0:33:03]} 21. Nf3
{[%clk 1:01:37]} Rxf3 {[%clk 0:32:41]} 22. gxf3 {[%clk 1:02:03]} Qxh3+
{[%clk 0:32:58]} 23. Kg1 {[%clk 1:02:30]} Bd4+ {[%clk 0:33:10]} 24. Rf2
{[%clk 1:02:52]} Qxf3 {[%clk 0:32:51]} 25. Bf1 {[%clk 1:01:22]} Qg3+
{[%clk 0:24:19]} 26. Bg2 {[%clk 1:01:10]} Nd6 {[%clk 0:23:40]} 27. Bh6
{[%clk 0:55:24]} Nf5 {[%clk 0:22:02]} 28. Kf1 {[%clk 0:55:46]} Qxf2+
{[%clk 0:20:20]} 29. Qxf2 {[%clk 0:56:10]} Bxf2 {[%clk 0:20:44]} 30. Bf4
{[%clk 0:54:55]} Bd4 {[%clk 0:20:48]} 31. axb4 {[%clk 0:55:20]} axb4
{[%clk 0:16:46]} 32. Rxa8+ {[%clk 0:55:43]} Bxa8 {[%clk 0:17:11]} 33. Be4
{[%clk 0:55:47]} Nd6 {[%clk 0:17:05]} 34. Bxd6 {[%clk 0:55:56]} exd6
{[%clk 0:17:29]} 35. b3 {[%clk 0:56:25]} Bb7 {[%clk 0:17:35]} 36. Ke2
{[%clk 0:56:49]} Bc8 {[%clk 0:17:31]} 37. Kf3 {[%clk 0:57:14]} Kf7
{[%clk 0:17:44]} 38. Kf4 {[%clk 0:57:38]} Kf6 {[%clk 0:18:02]} 39. Bc2
{[%clk 0:58:01]} g5+ {[%clk 0:17:45]} 40. Kg3 {[%clk 1:28:26]} Bf5
{[%clk 0:47:59]} 41. Bd1 {[%clk 1:28:44]} Kg6 {[%clk 0:48:13]} 42. Kg2
{[%clk 1:29:00]} h5 {[%clk 0:48:28]} 43. Kg3 {[%clk 1:29:26]} g4 {[%clk 0:48:16]}
44. Kh4 {[%clk 1:29:46]} Bf6+ {[%clk 0:48:32]} 45. Kg3 {[%clk 1:30:11]} Kg5
{[%clk 0:48:50]} 46. Kg2 {[%clk 1:30:35]} h4 {[%clk 0:48:52]} 47. Kh2
{[%clk 1:31:02]} Be5+ {[%clk 0:48:37]} 48. Kg2 {[%clk 1:31:29]} h3+
{[%clk 0:48:48]} 49. Kh1 {[%clk 1:31:53]} Be4+ {[%clk 0:49:06]} 50. Kg1
{[%clk 1:32:18]} h2+ {[%clk 0:49:24]} 51. Kf2 {[%clk 1:32:46]} h1=Q
{[%clk 0:49:30]} 52. Bxg4 {[%clk 1:33:02]} Kxg4 {[%clk 0:49:45]} 53. Ke2
{[%clk 1:33:30]} Qf3+ {[%clk 0:50:00]} 54. Ke1 {[%clk 1:33:56]} Bc3#
{[%clk 0:50:22]} 0-1

[Event "MP do lat 18 - dziewczeta"]
[Site "Sypniewo"]
[Date "2022.03.22"]
[Round "4.15"]
[White "Libura, Julianna"]
[Black "Bychowska, Marta"]
[Result "1/2-1/2"]
[BlackElo "1374"]
[WhiteElo "1590"]
[LiveChessVersion "1.4.8"]

1. d4 {[%clk 1:30:57]} d5 {[%clk 1:30:56]} 2. Nf3 {[%clk 1:31:21]} e6
{[%clk 1:31:20]} 3. c4 {[%clk 1:31:32]} Nf6 {[%clk 1:31:44]} 4. Nc3
{[%clk 1:31:44]} Be7 {[%clk 1:31:55]} 5. Bf4 {[%clk 1:29:44]} c6 {[%clk 1:30:40]}
6. e3 {[%clk 1:29:48]} O-O {[%clk 1:30:56]} 7. Bd3 {[%clk 1:29:33]} dxc4
{[%clk 1:31:16]} 8. Bxc4 {[%clk 1:29:46]} b5 {[%clk 1:30:40]} 9. Bd3
{[%clk 1:27:08]} a6 {[%clk 1:28:12]} 10. O-O {[%clk 1:26:39]} Bb7
{[%clk 1:28:23]} 11. Rc1 {[%clk 1:23:17]} Nbd7 {[%clk 1:25:26]} 12. e4
{[%clk 0:58:04]} c5 {[%clk 1:15:02]} 13. d5 {[%clk 0:52:25]} exd5
{[%clk 1:13:47]} 14. exd5 {[%clk 0:52:45]} c4 {[%clk 1:12:15]} 15. d6
{[%clk 0:47:58]} cxd3 {[%clk 1:10:40]} 16. dxe7 {[%clk 0:45:05]} Qxe7
{[%clk 1:10:58]} 17. Qxd3 {[%clk 0:45:14]} Nc5 {[%clk 1:06:56]} 18. Qd6
{[%clk 0:40:14]} Qxd6 {[%clk 1:02:14]} 19. Bxd6 {[%clk 0:40:36]} Rfc8
{[%clk 1:02:35]} 20. Rfd1 {[%clk 0:30:42]} Nce4 {[%clk 0:57:42]} 21. Nxe4
{[%clk 0:25:49]} Nxe4 {[%clk 0:55:05]} 22. Bf4 {[%clk 0:23:10]} Rxc1
{[%clk 0:54:18]} 23. Rxc1 {[%clk 0:23:21]} Rc8 {[%clk 0:54:15]} 24. Kf1
{[%clk 0:21:21]} Rxc1+ {[%clk 0:54:09]} 25. Bxc1 {[%clk 0:21:46]} Kf8
{[%clk 0:53:55]} 26. Ke2 {[%clk 0:21:30]} Ke7 {[%clk 0:53:26]} 27. g3
{[%clk 0:21:39]} Bd5 {[%clk 0:52:29]} 28. a3 {[%clk 0:21:22]} Nc5
{[%clk 0:52:25]} 29. Nd2 {[%clk 0:20:18]} Nb3 {[%clk 0:51:56]} 30. Nxb3
{[%clk 0:20:40]} Bxb3 {[%clk 0:52:21]} 31. Bd2 {[%clk 0:20:56]} g6
{[%clk 0:52:37]} 32. Bc3 {[%clk 0:21:20]} Ke6 {[%clk 0:53:00]} 33. Ke3
{[%clk 0:21:45]} Kd5 {[%clk 0:53:12]} 34. Bb4 {[%clk 0:21:47]} 1/2-1/2

[Event "MP do lat 18 - dziewczeta"]
[Site "Sypniewo"]
[Date "2022.03.22"]
[Round "4.16"]
[White "Czerwinska, Oliwia"]
[Black "Bienko, Jagoda"]
[Result "1/2-1/2"]
[BlackElo "1551"]
[WhiteElo "1428"]
[LiveChessVersion "1.4.8"]

1. e4 {[%clk 1:30:58]} c5 {[%clk 1:30:51]} 2. Nf3 {[%clk 1:31:22]} Nc6
{[%clk 1:31:14]} 3. b4 {[%clk 1:31:12]} Nxb4 {[%clk 1:28:36]} 4. c3
{[%clk 1:31:14]} Nc6 {[%clk 1:28:40]} 5. d4 {[%clk 1:31:28]} cxd4
{[%clk 1:28:41]} 6. cxd4 {[%clk 1:31:52]} d5 {[%clk 1:22:49]} 7. exd5
{[%clk 1:31:57]} Qxd5 {[%clk 1:23:11]} 8. Nc3 {[%clk 1:32:08]} Qd8
{[%clk 1:22:55]} 9. d5 {[%clk 1:32:03]} Nb8 {[%clk 1:23:05]} 10. Bf4
{[%clk 1:09:32]} a6 {[%clk 1:20:36]} 11. Qa4+ {[%clk 1:01:00]} Bd7
{[%clk 1:14:53]} 12. Bb5 {[%clk 0:57:00]} Nf6 {[%clk 1:13:08]} 13. Rb1
{[%clk 0:48:11]} g6 {[%clk 1:03:46]} 14. Bxd7+ {[%clk 0:46:08]} Qxd7
{[%clk 1:01:11]} 15. Rxb7 {[%clk 0:42:26]} Qxa4 {[%clk 1:01:15]} 16. Nxa4
{[%clk 0:42:17]} Nbd7 {[%clk 1:01:24]} 17. Ne5 {[%clk 0:41:10]} Nxd5
{[%clk 0:55:58]} 18. Nxd7 {[%clk 0:38:06]} Nxf4 {[%clk 0:56:19]} 19. Nab6
{[%clk 0:36:28]} Rd8 {[%clk 0:56:02]} 20. O-O {[%clk 0:36:11]} Bg7
{[%clk 0:48:01]} 21. g3 {[%clk 0:27:46]} Ne6 {[%clk 0:44:49]} 22. Rc1
{[%clk 0:25:57]} Bd4 {[%clk 0:34:09]} 23. Rc4 {[%clk 0:22:02]} a5
{[%clk 0:26:28]} 24. a4 {[%clk 0:18:46]} h5 {[%clk 0:20:53]} 25. Nb8
{[%clk 0:13:21]} O-O {[%clk 0:15:05]} 26. Nc6 {[%clk 0:12:53]} Bxb6
{[%clk 0:14:16]} 27. Nxe7+ {[%clk 0:12:19]} Kg7 {[%clk 0:14:42]} 28. Rxb6
{[%clk 0:12:44]} Rd1+ {[%clk 0:15:02]} 29. Kg2 {[%clk 0:13:07]} Rfd8
{[%clk 0:15:11]} 30. Rb2 {[%clk 0:12:50]} Re1 {[%clk 0:14:46]} 31. Nc6
{[%clk 0:11:58]} Rdd1 {[%clk 0:08:30]} 32. f4 {[%clk 0:11:30]} Rd5
{[%clk 0:08:05]} 33. Kf2 {[%clk 0:10:40]} Red1 {[%clk 0:06:35]} 34. Ke2
{[%clk 0:09:04]} Rh1 {[%clk 0:05:41]} 35. Kf3 {[%clk 0:09:27]} Rhd1
{[%clk 0:04:07]} 36. Ke2 {[%clk 0:09:03]} Ra1 {[%clk 0:02:52]} 37. Rbc2
{[%clk 0:08:57]} Rd6 {[%clk 0:01:52]} 38. Kf2 {[%clk 0:09:06]} Rd5
{[%clk 0:01:22]} 39. Ke2 {[%clk 0:08:58]} Rdd1 {[%clk 0:00:44]} 40. h4
{[%clk 0:35:38]} Re1+ {[%clk 0:30:37]} 41. Kf3 {[%clk 0:34:58]} Rad1
{[%clk 0:20:08]} 42. Kg2 {[%clk 0:33:42]} Rd3 {[%clk 0:15:40]} 43. R4c3
{[%clk 0:29:10]} Rd5 {[%clk 0:15:26]} 44. Rc4 {[%clk 0:29:02]} Kf6
{[%clk 0:14:00]} 45. Kf2 {[%clk 0:27:49]} Red1 {[%clk 0:14:07]} 46. Rc1
{[%clk 0:20:45]} R1d2+ {[%clk 0:10:11]} 47. Kf1 {[%clk 0:20:59]} Rh2
{[%clk 0:08:26]} 48. R4c2 {[%clk 0:20:51]} Rh1+ {[%clk 0:07:57]} 49. Kg2
{[%clk 0:20:39]} Rxc1 {[%clk 0:07:43]} 50. Rxc1 {[%clk 0:21:05]} Rd2+
{[%clk 0:07:53]} 51. Kf3 {[%clk 0:20:33]} Rd5 {[%clk 0:05:57]} 52. Rc3
{[%clk 0:20:41]} Nc5 {[%clk 0:03:58]} 1/2-1/2